La inversión Británica en América Central: dos compañías mineras en Nicaragua 1868-1910 /
Gespeichert in:
| 1. Verfasser: | |
|---|---|
| Format: | Text |
| Sprache: | Spanish |
| Schlagworte: | |
| Tags: |
Tag hinzufügen
Keine Tags, Fügen Sie den ersten Tag hinzu!
|
MARC
| LEADER | 00000 a a2200000 04500 | ||
|---|---|---|---|
| 001 | 43624 | ||
| 003 | cru CRAI/IIS | ||
| 005 | 20210512115441.0 | ||
| 008 | 210512b |||||||| |||| 00| 0 spa d | ||
| 040 | |c cru CRAI/IIS | ||
| 100 | 1 | |a Quesada Monge, Rodrigo |9 9971 | |
| 245 | 1 | 3 | |a La inversión Británica en América Central: |b dos compañías mineras en Nicaragua 1868-1910 / |c Rodrigo Quesada Monge |
| 500 | |a Colección Centroamérica | ||
| 650 | |a MINAS | ||
| 650 | |a NICARAGUA | ||
| 650 | |a CAPITALISMO | ||
| 650 | |a INVERSIONES EXTRANJERAS | ||
| 773 | |g volumen10, número30 ( , 1981), páginas 125-145 | ||
| 773 | 0 | |0 18875 |9 5340 |a Universidad de Costa Rica. |d San José, Costa Rica: Universidad de Costa Rica. Consejo Superior Universitario Centroamericano, 1972- |o 14641 |t Estudios Sociales Centroamericanos / |x 03039676 | |
| 942 | |2 ddc |c PP | ||
| 999 | |c 32775 |d 32775 | ||
